LEADER 00945nam0-22003131i-450- 001 990000157300403321 010 $a88-85152-52-X 035 $a000015730 035 $aFED01000015730 035 $a(Aleph)000015730FED01 035 $a000015730 100 $a20011111d--------km-y0itay50------ba 101 0 $aita 105 $ay-------001yy 200 1 $aOrologi solari nella terra del Palladio$fGabriele Vanin. 210 $aVicenza$cAccademia Olimpica$eFeltre$cLibreria Pilotto editrice$d[1998] 215 $a119 p.$cill.$d24 cm 300 $aNell'occhietto: Accademia Olimpica, Vicenza 610 0 $aOrologio solari$aVicenza 676 $a681.111 700 1$aVanin,$bGabriele$09759 801 0$aIT$bUNINA$gRICA$2UNIMARC 901 $aBK 912 $a990000157300403321 952 $a13 D 62 24$b11780$fFINBC 959 $aFINBC 996 $aOrologi solari nella terra del Palladio$9121547 997 $aUNINA DB $aING01 LEADER 00878nam0-22002891i-450 001 990007335950403321 005 20200326155446.0 035 $a000733595 035 $aFED01000733595 035 $a(Aleph)000733595FED01 035 $a000733595 100 $a20021021d1980----km-y0itay50------ba 101 0 $aita 200 1 $a<>tempo della politica$ela linea, la poesia, l'organizzazione del movimento operaio alla base della crisi capitalistica$fTronti 210 $as.l.$cRiuniti$d1980 610 0 $aMovimento operaio$aPolitica$a1968 - 1978 676 $a322.2$v22$zita 700 1$aTronti,$bMario$f<1931- >$050029 801 0$aIT$bUNINA$gRICA$2UNIMARC 901 $aBK 912 $a990007335950403321 951 $aXV D 86$b2360$dXV D 86 952 $aDIC TRO 8$fbfs$b1025 959 $aDTE 959 $aBFS 996 $aTempo della politica$987303 997 $aUNINA